Chu dịch dự đoán: Các ví dụ có giải

保存先:
書誌詳細
第一著者: Thiệu Vĩ Hoa
フォーマット: 図書
言語:Undetermined
出版事項: H. VHTT 1998
主題:
タグ: タグ追加
タグなし, このレコードへの初めてのタグを付けませんか!
Thư viện lưu trữ: Trung tâm Học liệu Trường Đại học Cần Thơ
LEADER 00542nam a2200181Ia 4500
001 CTU_56774
008 210402s9999 xx 000 0 und d
020 |b 45000 
082 |a 133.323 
082 |b H401 
100 |a Thiệu Vĩ Hoa 
245 0 |a Chu dịch dự đoán: Các ví dụ có giải 
245 0 |c Thiệu Vĩ Hoa; Nguyễn Văn Mậu biên dịch 
260 |a H. 
260 |b VHTT 
260 |c 1998 
650 |a forecassting,dowsing,Bói quẻ 
980 |a Trung tâm Học liệu Trường Đại học Cần Thơ